| 000 | 01593nam a22004697a 4500 | ||
|---|---|---|---|
| 001 | 0044026 | ||
| 003 | KOHA_MİRAKIL | ||
| 005 | 20260207003411.0 | ||
| 007 | ta | ||
| 008 | 130730b2011 tu a|||gr||||#||||0|tur | | ||
| 020 | _a9786053954347 | ||
| 040 |
_aTR-BiSEU _btur _cTR-BiSEU _erda |
||
| 041 | 0 | _atur | |
| 044 | _ctu | ||
| 050 |
_aTA342 _b.K37 2011 |
||
| 100 | 1 | _aKaraboga, Derviş. | |
| 245 | 1 |
_aYapay zeka optimizasyon algoritmaları/ _cDerviş Karaboga ; Derviş Karaboga. |
|
| 246 | _a[Tabu araştırma : ısıl işlem : genetik : karınca koloni : yapay bağışıklık : diferansiyel gelişim : parçacık sürü optimizasyonu : yapay arı koloni algoritmaları] | ||
| 250 | _a2. bs. | ||
| 264 | 1 |
_aAnkara : _bNobel _c2011 |
|
| 300 |
_aXII, 232 sayfa : _bresimli ; _c24 cm. |
||
| 336 |
_ametin _btxt _2rdacontent |
||
| 337 |
_aaracısız _bn _2rdamedia |
||
| 338 |
_acilt _bnc _2rdacarrier |
||
| 490 | 1 |
_aNobel yayın ; _vnu. |
|
| 490 | 1 | _a1623. | |
| 490 | 1 |
_aEğitim bilimleri ; _v382. |
|
| 500 | _aDizin var. | ||
| 500 | _aKaynakça var. | ||
| 650 | 0 |
_aYapay zeka. _92942 |
|
| 650 | 0 |
_aAlgoritmalar. _92943 |
|
| 650 | 0 |
_aMatematiksel optimizasyon. _92944 |
|
| 650 | 0 |
_aMühendislik tasarımı--Matematiksel modeller. _982067 |
|
| 650 | 0 |
_aArtificial intelligence. _91824 |
|
| 650 | 0 |
_aAlgorithms. _93849 |
|
| 650 | 0 |
_aMathematical optimization. _93659 |
|
| 650 | 0 |
_aEngineering design--Mathematical models. _982068 |
|
| 830 | 1 |
_aNobel yayın ; _vnu. _91510 |
|
| 830 | 1 |
_a1623. _982069 |
|
| 830 | 1 |
_aEğitim bilimleri ; _v382. _950623 |
|
| 942 |
_2lcc _cBK |
||
| 999 |
_c43830 _d43830 |
||